=LDR 00000nam 2200000 4500 =001 INLIS000000001054064 =005 20251028083719 =035 ##$$a 0010-1025000011 =007 ta =008 251028################a##########0###### =020 ##$$a 978-89 543-3634-5 =082 ##$$a 028.55 =084 ##$$a 028.55 HON t =100 #$$a Hong Yong-Ae =245 1#$$a Tuan Ular Besar /$c Hong Yong-Ae =260 ##$$a Gyeonggi :$b Korea Piaget,$c 2011 =300 ##$$a 27 halaman : $b ilustrasi ; $c 23 x 26 cm =650 #4$$a Bacaan Kanak-kanak =990 ##$$a 09290929